000
00303nam a2200145Ia 4500
100
_a
Baker /H.W
490
_v
II
942
_c
BK
654
_a
Workshop
245
_a
Modern Workshop Technology- II
260
_b
Macmillon & co
_a
London
_c
1965
082
_a
671
300
_a
650
546
_a
ENGLISH
999
_c
31993
_d
31993